00796nam a2200217Ia 4500020003900000020005200039020003900091020005200130020003900182020005200221040000800273082002600281245005800307246004600365260004400411300004600455500002100501650001600522650001600538710002400554 a0078228662 (course 1, student ed.) a0078228689 (course 1, teacher's wraparound ed.) a007822859X (course 2, student ed.) a0078228611 (course 2, teacher's wraparound ed.) a0078228522 (course 3, student ed.) a0078228549 (course 3, teacher's wraparound ed.) cUUW a510 GLE 2001 A111 Or.00aGlencoe mathematics :bapplications and connections /30aMathematics, applications and connections aNew York :bGlencoe/McGraw-Hill,cc2001 a3 v. :bill. ;c29 cm. +e3 teacher's eds aIncludes indexes 0aMathematics 0aMathematics2 aGlencoe/McGraw-Hill